Death of a Salesman: Certain Private Conversation in two acts and a Requiem (Record no. 19699)

MARC details
000 -LEADER
fixed length control field 00339nam a22001337a 4500
020 ## - INTERNATIONAL STANDARD BOOK NUMBER
ISBN 670261548
082 ## - DEWEY DECIMAL CLASSIFICATION NUMBER
Classification number 823 MIL
100 ## - MAIN ENTRY--AUTHOR NAME
Author name Miller Arthur
245 ## - TITLE STATEMENT
Title Death of a Salesman: Certain Private Conversation in two acts and a Requiem
260 ## - PUBLICATION, DISTRIBUTION, ETC. (IMPRINT)
Place of publication New York
Name of publisher The Viking Press
Year of publication 1975
300 ## - PHYSICAL DESCRIPTION
Number of Pages 139
650 ## - SUBJECT ADDED ENTRY--TOPICAL TERM
Topical Term Fiction
942 ## - ADDED ENTRY ELEMENTS (KOHA)
Koha item type Books
Holdings
Home library Current library Date acquired Source of acquisition Cost, normal purchase price Full call number Accession Number Koha item type
Henry Martyn Institute Library Henry Martyn Institute Library 09/09/2015 Dr. Andreas D' souza 0.00 823 MIL 11-2417 General Stack Book
                   Copyright © 2026 | Henry Martyn Institute | Hyderabad | TS-500052 | INDIA | Implemented by hmi.edu.in
Hit-Count:

Powered by Koha